000 00207 a2200097 4500
001 11805
100 _aKimche, J.
245 _aSeven fallen pillars
260 _a
_bSecker & warburg
_c
090 _c9061
_d9061
942 _aNUST-CAE
_cM
_c35891
999 _c246878
_d246878